<?xml version="1.0" encoding="UTF-8"?>
<record
    xmlns:xsi="http://www.w3.org/2001/XMLSchema-instance"
    xsi:schemaLocation="http://www.loc.gov/MARC21/slim http://www.loc.gov/standards/marcxml/schema/MARC21slim.xsd"
    xmlns="http://www.loc.gov/MARC21/slim">

  <leader>00468nam a2200145Ia 4500</leader>
  <controlfield tag="008">230917s9999||||xx |||||||||||||| ||und||</controlfield>
  <datafield tag="040" ind1=" " ind2=" ">
    <subfield code="e">164628</subfield>
    <subfield code="a">MAIN</subfield>
  </datafield>
  <datafield tag="041" ind1=" " ind2=" ">
    <subfield code="a">English</subfield>
  </datafield>
  <datafield tag="082" ind1=" " ind2=" ">
    <subfield code="a">891.43152109 BH122:MR</subfield>
  </datafield>
  <datafield tag="100" ind1=" " ind2=" ">
    <subfield code="a">&#x92E;&#x932;&#x94D;&#x939;&#x94B;&#x924;&#x94D;&#x930;&#x93E;, &#x930;&#x947;&#x923;&#x941;</subfield>
  </datafield>
  <datafield tag="245" ind1=" " ind2="0">
    <subfield code="a">&#x92C;&#x91A;&#x94D;&#x91A;&#x928; &#x915;&#x93E; &#x92A;&#x930;&#x935;&#x930;&#x94D;&#x924;&#x940; &#x915;&#x93E;&#x935;&#x92F;&#x903; &#x90F;&#x915; &#x92E;&#x941;&#x932;&#x94D;&#x92F;&#x93E;&#x902;&#x915;&#x928;</subfield>
  </datafield>
  <datafield tag="260" ind1=" " ind2=" ">
    <subfield code="a">&#x91C;&#x92F;&#x92A;&#x941;&#x930;</subfield>
    <subfield code="b">&#x905;&#x928;&#x941;&#x92A;&#x92E;</subfield>
    <subfield code="c">1978</subfield>
  </datafield>
  <datafield tag="300" ind1=" " ind2=" ">
    <subfield code="a">162 p.</subfield>
  </datafield>
  <datafield tag="942" ind1=" " ind2=" ">
    <subfield code="c">HN</subfield>
  </datafield>
  <datafield tag="952" ind1=" " ind2=" ">
    <subfield code="0">0</subfield>
    <subfield code="1">0</subfield>
    <subfield code="4">0</subfield>
    <subfield code="6">891_431521090000000_BH122MR</subfield>
    <subfield code="7">0</subfield>
    <subfield code="9">339037</subfield>
    <subfield code="a">MAIN</subfield>
    <subfield code="b">MAIN</subfield>
    <subfield code="d">2010-10-25</subfield>
    <subfield code="l">0</subfield>
    <subfield code="o">891.43152109 BH122:MR</subfield>
    <subfield code="p">68119</subfield>
    <subfield code="r">2023-09-17 22:03:58</subfield>
    <subfield code="w">2023-09-17</subfield>
    <subfield code="y">HN</subfield>
  </datafield>
  <datafield tag="999" ind1=" " ind2=" ">
    <subfield code="c">206746</subfield>
    <subfield code="d">206746</subfield>
  </datafield>
</record>
